Optical communications components and systems : (Record no. 182924)

000 -LEADER
fixed length control field 01336 a2200217 4500
003 - CONTROL NUMBER IDENTIFIER
control field Nust
005 - DATE AND TIME OF LATEST TRANSACTION
control field 20221223142839.0
010 ## - LIBRARY OF CONGRESS CONTROL NUMBER
LC control number 00057982
020 ## - INTERNATIONAL STANDARD BOOK NUMBER
International Standard Book Number 0849309352 (alk. paper)
040 ## - CATALOGING SOURCE
Transcribing agency Nust
082 00 - DEWEY DECIMAL CLASSIFICATION NUMBER
Classification number 621.3827,FRA
100 1# - MAIN ENTRY--PERSONAL NAME
Personal name Franz, J. H.
9 (RLIN) 105765
245 10 - TITLE STATEMENT
Title Optical communications components and systems :
Remainder of title analysis, design, optimization, application /
Statement of responsibility, etc. J.H. Franz, V.K. Jain.
260 ## - PUBLICATION, DISTRIBUTION, ETC.
Place of publication, distribution, etc. Boca Raton, FL :
Name of publisher, distributor, etc. CRC Press/Narosa Pub. House,
Date of publication, distribution, etc. c2000.
300 ## - PHYSICAL DESCRIPTION
Extent xvi, 717 p. :
Other physical details ill. ;
Dimensions 25 cm.
505 ## - FORMATTED CONTENTS NOTE
Formatted contents note Introduction (Page-1), Optical Sources And Transmitters (Page-11), Laser Noise (Page-45), Optical Fibers (Page-99), Polarization Fluctuations (Page-159), Optical Detectors And Receivers (Page-209), Optical Amplifiers (Page-245), Optical Network Components (Page-267), Fundamentals Of Optical Communication Systems (Page-329), Incoherent Systems:Analysis And Optimization (Page-381), Coherent Systems:Analysis And Optimization (Page-401), Systems Comparison, Applications And Physical Limits (Page-519), Fiber Link Design (Page-565), Optical Networks (Page-577), Optical Space Communications (Page-655).
650 #0 - SUBJECT ADDED ENTRY--TOPICAL TERM
Topical term or geographic name entry element Telecommunication engineering
700 1# - ADDED ENTRY--PERSONAL NAME
Personal name Jain, V. K.
9 (RLIN) 41913
856 42 - ELECTRONIC LOCATION AND ACCESS
Materials specified Publisher description
Uniform Resource Identifier <a href="http://www.loc.gov/catdir/enhancements/fy0646/00057982-d.html">http://www.loc.gov/catdir/enhancements/fy0646/00057982-d.html</a>
942 ## - ADDED ENTRY ELEMENTS (KOHA)
Source of classification or shelving scheme
Koha item type Book
Holdings
Withdrawn status Lost status Source of classification or shelving scheme Damaged status Not for loan Permanent Location Current Location Shelving location Date acquired Full call number Barcode Date last seen Price effective from Koha item type Public note
          Military College of Signals (MCS) Military College of Signals (MCS) General Stacks 12/12/2016 621.3827,FRA MCS30393 12/08/2016 12/12/2016 Book Almirah No.37, Shelf No.6
© 2023 Central Library, National University of Sciences and Technology. All Rights Reserved.